Introducción a la programación con ejemplos en visual basic C, C++ y java

Bibliographic Details
Main Authors: Mata Toledo, Ramón, Cushman, Pauline K.
Format: Section = Libro
Language:Undetermined
Spanish
Published: México México 2001
Subjects:
LEADER 00715nam a2200229Ia 4500
008 240830s9999 xx 000 0 und d
020 |a 970-10-3052-4 
040 |a B-ESTELÍ- RUACS / 005.1 M425 
041 |a spa 
082 |a 005.1 M425  
100 1 |a Mata Toledo, Ramón 
100 1 |b  Cushman, Pauline K. 
245 1 0 |a Introducción a la programación con ejemplos en visual basic C, C++ y java 
260 |a México  |b México  |c 2001 
300 |a 331 p. :il 
650 7 |a PROGRAMACION - VISUAL BASIC C++ 
650 7 |b  PLANIFICACION DISEÑO DE PROGRAMAS 
650 7 |c  ARCHIVOS DE DATOS/PROGRAMACION ORIENTADA A OBJETOS 
650 7 |d  ESTRUCTURAS DE DATOS 
942 |c BK  |2 ddc 
991 |a TEXTO 
999 |c 10555